00468nam a2200181 a 4500001001300000003000900013005001700022008004100039020001000080082001800090100002600108245002000134260004200154300000900196500003500205650002000240700002600260nice12345678IN_TiNIC20260116011447.0070309s1961 luca grd 000 0 urd  ac25000a491.4393bASA aAsar, Jaffar Ali Khan aFarhange-E-asar aLucknow bJaffar Ali Khan Asar c1961 a575p aincludes index and biblioraphy aUrdu-Dictionary1 aAsar, Jaffar Ali Khan